ბათუმის შოთა რუსთაველის სახელმწიფო უნივერსიტეტის ბიბლიოთეკა

Турбизнес=Travel trade russia №4\335 2016. (ბიბ.ჩანაწერი № 52098)

000 -LEADER
fixed length control field 00510nam a2200181Ia 4500
001 - CONTROL NUMBER
control field 19105
003 - CONTROL NUMBER IDENTIFIER
control field GE_BSU
008 - FIXED-LENGTH DATA ELEMENTS--GENERAL INFORMATION
fixed length control field 181216s||||||||xx |||||||||||||| ||und||
040 ## - CATALOGING SOURCE
Transcribing agency GE_BSU
245 ## - TITLE STATEMENT
Title Турбизнес=Travel trade russia №4\335 2016.
245 ## - TITLE STATEMENT
Statement of responsibility, etc. Гл.ред. Софья Константинова
260 ## - PUBLICATION, DISTRIBUTION, ETC.
Place of publication, distribution, etc. Mосква.
260 ## - PUBLICATION, DISTRIBUTION, ETC.
Date of publication, distribution, etc. 2016
300 ## - PHYSICAL DESCRIPTION
Extent 49стр,ил,28см
653 ## - INDEX TERM--UNCONTROLLED
Uncontrolled term Турбизнес=Travel trade russia
653 ## - INDEX TERM--UNCONTROLLED
Uncontrolled term პერიოდიკა
942 ## - ADDED ENTRY ELEMENTS (KOHA)
Koha item type პერიოდიკა
ეგზემპლარები
Withdrawn status Lost status Damaged status Not for loan Date acquired Barcode Date last seen Price effective from Koha item type
        2018-12-17 p77645 2018-12-17 2018-12-17 პერიოდიკა